F1 Records - Statistics

General Stats
  • This quiz has been taken 35 times
  • The average score is 84 of 138
Answer Stats
Hint Answer % Correct
Total entries Fernando Alonso 424
88%
Total starts Fernando Alonso 421
88%
Most consecutive race starts Lewis Hamilton 265
88%
Most races with a single constructor Lewis Hamilton Mercedes, 2013–2024, 246 Entries/Starts
88%
Most races with a single engine manufacturer Lewis Hamilton Mercedes, 2007–2024, 356 Entries/Starts
88%
Total wins Lewis Hamilton 105
88%
Most wins with a single constructor Lewis Hamilton 84, Mercedes
88%
Most wins in first championship season Lewis Hamilton 4
88%
Most wins at the same Grand Prix Lewis Hamilton 9
88%
Most consecutive wins at the same Grand Prix Lewis Hamilton 5
88%
Most consecutive seasons with a win Lewis Hamilton 15
88%
Total pole positions Lewis Hamilton 104
88%
Most pole positions at the same Grand Prix Lewis Hamilton 9
88%
Most consecutive seasons with a pole position Lewis Hamilton 15
88%
Most front rows Lewis Hamilton 176
88%
Most fastest laps at the same Grand Prix Lewis Hamilton 7
88%
Most consecutive seasons with a fastest lap Lewis Hamilton 16
88%
Total podium finishes Lewis Hamilton 202
88%
Total career points Lewis Hamilton 5008.5
88%
Total points-scoring races Lewis Hamilton 331
88%
Highest percentage of points-scoring races (at least 15 starts) Lewis Hamilton 88.03%
88%
Most consecutive points finishes Lewis Hamilton 48
88%
Total career race finishes Lewis Hamilton 340
88%
Most consecutive race finishes Lewis Hamilton 48
88%
Led every lap, total races Lewis Hamilton 23
88%
Led for at least one lap, total races Lewis Hamilton 192
88%
Total laps led Lewis Hamilton 5488
88%
Longest distance led, total Lewis Hamilton 27975 km
88%
Most consecutive races led for at least one lap Lewis Hamilton 18
88%
Wins from pole position Lewis Hamilton 61
88%
Total championships Lewis Hamilton 7
88%
Multiple championships with a single constructor Lewis Hamilton 6, Mercedes
88%
Fewest World Championship seasons before first title Lewis Hamilton 2
88%
Youngest driver to start a race Max Verstappen 17 years, 166 days
88%
Most wins in a season Max Verstappen 19
88%
Highest percentage of wins in a season Max Verstappen 86.36%
88%
Most consecutive wins Max Verstappen 10
88%
Youngest winner Max Verstappen 18 years, 228 days
88%
Most consecutive pole positions Max Verstappen 8
88%
Most consecutive pole positions from first race of season Max Verstappen 7
88%
Most podium finishes in a season Max Verstappen 21
88%
Youngest driver to score a podium finish Max Verstappen 18 years, 228 days
88%
Highest average points per race started (at least 15 starts) Max Verstappen 14.6
88%
Most championship points in a season Max Verstappen 575
88%
Highest average points per championship Max Verstappen 26.14
88%
Highest percentage of maximum points in a season Max Verstappen 92.74%
88%
Most consecutive points scored Max Verstappen 1055
88%
Youngest driver to score points Max Verstappen 17 years, 180 days
88%
Most laps led in a season Max Verstappen 1003
88%
Most races led in a season Max Verstappen 20
88%
Highest percentage of laps led in a season Max Verstappen 75.70%
88%
Most wins from pole position in a season Max Verstappen 12
88%
Most sprint wins Max Verstappen 13
88%
Most sprint pole positions Max Verstappen 10
88%
Most sprint fastest laps Max Verstappen 9
88%
Most sprint podium finishes Max Verstappen 18
88%
Most points scored in sprints Max Verstappen 133
88%
Total sprint laps led Max Verstappen 234
88%
Most consecutive wins at the same Grand Prix Ayrton Senna 5
83%
Most consecutive pole positions Ayrton Senna 8
83%
Most consecutive pole positions at the same Grand Prix Ayrton Senna 7
83%
Most consecutive wins from first race of season Michael Schumacher 5
83%
Most consecutive seasons with a win Michael Schumacher 15
83%
Total fastest laps Michael Schumacher 77
83%
Most fastest laps in a season Michael Schumacher 10
83%
Most fastest laps at the same Grand Prix Michael Schumacher 7
83%
Highest percentage of podium finishes in a season Michael Schumacher 100.00%
83%
Most consecutive podium finishes Michael Schumacher 19
83%
Most consecutive podium finishes from first race of season Michael Schumacher 17
83%
Pole, win, and fastest lap in same race (Hat Trick) Michael Schumacher 22
83%
Total championships Michael Schumacher 7
83%
Most consecutive championships Michael Schumacher 5
83%
Most consecutive pole positions from first race of season Alain Prost 7
75%
Most races without a win Nico Hülkenberg 246
71%
Most races before scoring a podium finish Nico Hülkenberg 239th race
71%
Most points without a win Nico Hülkenberg 612
71%
Percentage wins (at least 15 starts) Juan Manuel Fangio 47.06%
67%
Percentage pole positions (at least 15 entries) Juan Manuel Fangio 55.77%
67%
Percentage fastest laps (at least 15 starts) Juan Manuel Fangio 45.10%
67%
Oldest driver to set a fastest lap Juan Manuel Fangio 46 years, 209 days
67%
Percentage podium finishes (at least 15 starts) Juan Manuel Fangio 68.63%
67%
Led for at least one lap, percentage of races (at least 15 starts) Juan Manuel Fangio 74.51%
67%
Oldest World Drivers' Championship - last time winner Juan Manuel Fangio 46 years, 41 days
67%
Most fastest laps in a season Kimi Räikkönen 10
58%
Most pole positions in a season Sebastian Vettel 15
58%
Youngest polesitters Sebastian Vettel 21 years, 72 days
58%
Youngest World Drivers' Championship - first-time winner Sebastian Vettel 23 years, 134 days
58%
Youngest World Drivers' Championship winner Sebastian Vettel 23 years, 134 days
58%
Most podium finishes before first win Lando Norris 15
54%
Most consecutive fastest laps Alberto Ascari 7
50%
Highest percentage of fastest laps in a season Alberto Ascari 75.00%
50%
Most consecutive laps in the lead Alberto Ascari 304
50%
Most consecutive distance led Alberto Ascari 2075 km
50%
Most races without a fastest lap Lance Stroll 185
50%
Largest gap between titles Niki Lauda 6
50%
World Champion with fewest career points Phil Hill 98
50%
Most career points without being World Champion Valtteri Bottas 1797
50%
Most wins in first championship season Jacques Villeneuve 4
46%
Fewest World Championship seasons before first title Jacques Villeneuve 2
46%
Most races before first win Sergio Pérez 190th race
46%
Most races before first pole position Sergio Pérez 219th race
46%
Fewest races before first win Giuseppe Farina 1st race
42%
Oldest polesitters Giuseppe Farina 47 years, 79 days
42%
Pole, win, fastest lap, and led every lap (Grand Slam) Jim Clark 8
38%
Most podium finishes before first win Mika Häkkinen 15
38%
Most consecutive wins from first race of season Nigel Mansell 5
38%
Highest percentage of pole positions in a season Nigel Mansell 87.50%
38%
Most fastest laps at the same Grand Prix Nigel Mansell 7
38%
Most consecutive fastest laps at the same Grand Prix Nigel Mansell 7
38%
Most World Championship seasons before first title Nigel Mansell 13
38%
Percentage pole positions converted to wins (at least 5 poles) Oscar Piastri 80.00%
38%
Most wins without a World Championship Stirling Moss 16
38%
Most races without leading a lap Kevin Magnussen 185
29%
Youngest driver to set a fastest lap Kimi Antonelli 18 years, 225 days
8%
Led for at least one lap, youngest leader Kimi Antonelli 18 years, 225 days
8%
Most races without scoring a podium finish Adrian Sutil 128
4%
Most laps led without a win Chris Amon 183
4%
Wins from farthest back on the starting grid John Watson 22nd
4%
Oldest winner Luigi Fagioli 53 years, 22 days
4%
Oldest driver to score a podium finish Luigi Fagioli 53 years, 22 days
4%
Led for at least one lap, oldest leader Luigi Fagioli 52 years, 9 days
4%
Most podium finishes without a win Nick Heidfeld 13
4%
Total career race retirements Andrea de Cesaris 147
0%
Most podium finishes before first win Eddie Irvine 15
0%
Fewest races before first win Giancarlo Baghetti 1st race
0%
Most races before first fastest lap Jarno Trulli 203rd race
0%
Most podium finishes before first win Jean Alesi 15
0%
Fewest races before first win Johnnie Parsons 1st race
0%
Oldest driver to enter a race Louis Chiron 58 years, 277 days
0%
Oldest driver to start a race Louis Chiron 55 years, 292 days
0%
Most races without scoring points Luca Badoer 50
0%
Most races before scoring points Nicola Larini 44th
0%
Most podium finishes before first win Patrick Depailler 15
0%
Oldest driver to score points Philippe Étancelin 53 years, 249 days
0%
Total career race retirements Riccardo Patrese 147
0%
Most races without a pole position Romain Grosjean 179
0%
Most consecutive race entries Rubens Barrichello 326
0%
Most podium finishes without a World Championship Rubens Barrichello 68
0%
No matching quizzes found
Score Distribution
Percent of People with Each Score
Percentile by Number Answered
Your Score History
You have not taken this quiz